Fr. Conceicao Rodrigues College of Engineering

Handbook of metallurgical process design (Record no. 35983)

MARC details
000 -LEADER
fixed length control field 00261 a2200109 4500
000 - LEADER
fixed length control field nam a22 7a 4500
020 ## - INTERNATIONAL STANDARD BOOK NUMBER
International Standard Book Number 9780367270018
100 ## - MAIN ENTRY--PERSONAL NAME
Personal name Totten,George E
9 (RLIN) 97
245 ## - TITLE STATEMENT
Title Handbook of metallurgical process design
260 ## - PUBLICATION, DISTRIBUTION, ETC.
Name of publisher, distributor, etc. CRC
Date of publication, distribution, etc. 2019
264 ## - PRODUCTION, PUBLICATION, DISTRIBUTION, MANUFACTURE, AND COPYRIGHT NOTICE
Name of producer, publisher, distributor, manufacturer CRC

No items available.